| 000 | 00928nas a2200289 4500 | ||
|---|---|---|---|
| 001 | BR2017002014 | ||
| 003 | BR-BrBNA | ||
| 005 | 20231205131029.0 | ||
| 007 | ta | ||
| 008 | 230509b bl.|||p| |||| 00| 00por d | ||
| 040 |
_aBR-BrBNA _bpor _cBiblioteca Nacional de Agricultura |
||
| 041 | _a(En) | ||
| 072 | _aK50; U10 | ||
| 100 | 1 | _aSilva, A.N. | |
| 100 | 1 | _aAraújo, A.V. | |
| 100 | 1 | _aPereira, L.C. de G. | |
| 100 | 1 | _aMinette, L.J. | |
| 100 | 1 | _aSuzuki, J.A. | |
| 245 | 1 | _aContribution of computational simulation for layout analysis in a wooden furniture industry | |
| 650 | _aINDÚSTRIA FLORESTAL | ||
| 650 | _aMÓVEL | ||
| 650 | _aPROGRAMA DE COMPUTADOR | ||
| 773 | 0 |
_tRevista Árvore (Brazil) _xISSN 1806-9088 _g(2017), v. 41(2) p. 1-8 _wBR2017002014 |
|
| 856 | 4 | 0 | _uhttp://www.scielo.br/pdf/rarv/v41n2/0100-6762-rarv-41-02-e410201.pdf |
| 909 |
_a202311 _bLúcia _c55 _dLúcia Elande |
||
| 942 |
_2AGRIS _n0 _cANA |
||
| 999 |
_c252673 _d252673 |
||